| 000 | 01159nam a22003737a 4500 | ||
|---|---|---|---|
| 003 | CHAP | ||
| 005 | 20220817044115.0 | ||
| 008 | 060606s2005 it rn 00010 eng d | ||
| 010 | _a92349 | ||
| 011 | _a93321 | ||
| 020 | _a9251054274 | ||
| 035 | _a103893 | ||
| 040 | _cCHAP | ||
| 082 | 0 | 4 |
_a631.7 _bF3y v.60/1 |
| 110 | 2 | _aFAO | |
| 245 | 1 | 0 |
_aMaterials for subsurface land drainage systems _c/by L. C. P. M. Stuyt, W. Dierichx and J. Martínez Beltrán |
| 260 |
_aRome : _bFAO, _c2005 |
||
| 300 | _a183 p. | ||
| 490 | 0 |
_aRiego y drenaje _v; 60/1 |
|
| 590 |
_aBATCH-UPD _b10 _c20130110 _lUCH01 _h1407 |
||
| 590 |
_aBATCH-UPD _b10 _c20130410 _lUCH01 _h0855 |
||
| 590 |
_aBATCH-UPD _b10 _c20130914 _lUCH01 _h1202 |
||
| 590 |
_aCONVERSION _b10 _c20130109 _lUCH01 _h1351 |
||
| 650 | 1 | 4 |
_aAgua subterranea. _92456 |
| 650 | 1 | 4 |
_aDrenaje. _934190 |
| 700 | 0 |
_aDierickx, W. _932534 |
|
| 700 | 0 |
_aMartínez Beltrán, J. _971857 |
|
| 700 | 0 |
_aStuyt, L. C. P. M. _9110116 |
|
| 830 | 0 |
_aRiego y drenaje _v; 60/1 _997387 |
|
| 901 | _aBK | ||
| 905 | _aLilia | ||
| 942 | _cLIBRO | ||
| 949 |
_a631.7 F3 v.60/1 _bBC _cFAO _d33724000988143 _eFAO1 _gDonaciØn _h108041 _i103893 _sb |
||
| 999 |
_c92349 _d92349 |
||